000 00487nam a2200181Ia 4500
001 13170
005 20260306163034.0
008 260306t2008||||xx |||||||||||||| ||spa||
041 _aESP
082 _a001.4
_bW42
100 _aWeiss, Carol H.
_eAUT
245 0 _aInvestigación evaluativa:
_bmétodos para determinar la eficiencia de los programas de acción
260 _c2008
300 _a231 páginas :
_c23 cm.
650 _aGEN
654 _aCHU
942 _cLIB
_dJUS
_fJUS
_2ddc
_n
999 _c13170
_d13170